000 00265nmm a2200097Ia 4500
008 220120s9999||||xx |||||||||||||||||und||
020 _a0-07-048653-0
100 _aDigit
245 0 _aJune 2011: Power tools, 25 full games, game trailers, tech t
260 _bNew Delhi
999 _c139680
_d139680